Central Library OPAC University of Rajshahi

আয়না / (Record no. 38605)

MARC details
000 -LEADER
fixed length control field 00684nam a22002177a 4500
001 - CONTROL NUMBER
control field 38605
003 - CONTROL NUMBER IDENTIFIER
rucl marc code BD-RjUL
005 - DATE AND TIME OF LATEST TRANSACTION
control field 20211209052827.0
008 - FIXED-LENGTH DATA ELEMENTS--GENERAL INFORMATION
fixed length control field 160123b bg ||||| |||| 00| 0 ben d
035 ## - SYSTEM CONTROL NUMBER
System control number (BD-RjUL)38713
040 ## - CATALOGING SOURCE
Original cataloging agency BD-RjUL
Language of cataloging ben
Transcribing agency BD-RjUL
041 ## - LANGUAGE CODE
Language code of text/sound track or separate title ben
082 ## - DEWEY DECIMAL CLASSIFICATION NUMBER
Classification number 891.443
Author mark and year AHA
100 ## - MAIN ENTRY--PERSONAL NAME
Personal name আহমদ, আবুল মনসুর
9 (RLIN) 117726
245 ## - TITLE STATEMENT
Title আয়না /
Statement of responsibility, etc. আবুল মনসুর আহমদ
250 ## - EDITION STATEMENT
Edition statement ৪র্থ সং.
260 ## - PUBLICATION, DISTRIBUTION, ETC. (IMPRINT)
Place of publication, distribution, etc. ঢাকা :
Name of publisher, distributor, etc. নওরোজ কিতাবিস্তান,
300 ## - PHYSICAL DESCRIPTION
Pagination ১৭৮ পৃ. ;
Size ১৮ সেমি.
650 ## - SUBJECT ADDED ENTRY--TOPICAL TERM
Topical term or geographic name as entry element Bengali Fiction
9 (RLIN) 119116
942 ## - ADDED ENTRY ELEMENTS (KOHA)
Source of classification or shelving scheme Dewey Decimal Classification
Koha item type Books
Holdings
Lost status Source of classification or shelving scheme Damaged status Not for loan Permanent Location Current Location Shelving location Date acquired Total Checkouts Full call number Checked out Date last seen Date checked out Copy number Koha item type Collection code Source of acquisition Cost, normal purchase price
  Dewey Decimal Classification     Central Library, University of Rajshahi Central Library, University of Rajshahi   25/01/2016 9 B 891.443 AHA 08/06/2026 21/05/2026 21/05/2026 C-2 Books      
  Dewey Decimal Classification     Central Library, University of Rajshahi Central Library, University of Rajshahi   12/02/1965 4 B 891.443 AHA   12/01/2025 09/12/2024 C-3 Books Fiction Ideal library 3.00